Manual of Malayan timber trees : dilleniaceae

Bibliographic Details
Main Author: KOCHUMMEN
Corporate Author: Institut Penyelidikan Perhutanan Malaysia (FRIM)
Format: Book
Published: Kuala Lumpur : Forest Department , 1960
Series:Research pamphlet ; no. 32
Subjects:

MARC

LEADER 00000cam a2200000 7i4500
001 0000003099
005 20040521.0
090 0 0 |a RP 634.909595   |b KOC 1960 
100 1 0 |a KOCHUMMEN   |h K. M. 
245 1 0 |a Manual of Malayan timber trees :   |b dilleniaceae   |c by K. M. Kochummen 
260 0 0 |a Kuala Lumpur :   |b Forest Department ,   |c 1960 
300 |a 5 p. :   |b ill. ;   |c 34 cm. 
440 0 0 |a Research pamphlet ; no. 32 
650 0 0 |a Timber   |z Malaya 
710 1 1 |a Institut Penyelidikan Perhutanan Malaysia (FRIM) 
998 |a JPSM 
999 |a 0000005490   |b Monograph   |c Open Shelf   |e Default branch 
999 |a 0000005491   |b Monograph   |c Open Shelf   |e Default branch 
999 |a 0000005492   |b Monograph   |c Open Shelf   |e Default branch